الأيوبيون بعد صلاح الدين و الحملات الصليبية من الرابعة إلى السابعة / (رقم التسجيلة. 117202)

تفاصيل مارك
000 -LEADER
fixed length control field 00659nam a22001817a 4500
005 - DATE AND TIME OF LATEST TRANSACTION
control field 20251108174744.0
008 - FIXED-LENGTH DATA ELEMENTS--GENERAL INFORMATION
fixed length control field 250721s2008 xx 000 0 ara d
082 14 - DEWEY DECIMAL CLASSIFICATION NUMBER
Classification number 956.0664/صلا
100 1# - MAIN ENTRY--PERSONAL NAME
Personal name الصلابي، علي محمد
Relator term مؤلف
245 10 - TITLE STATEMENT
Title الأيوبيون بعد صلاح الدين و الحملات الصليبية من الرابعة إلى السابعة /
264 1# - PRODUCTION, PUBLICATION, DISTRIBUTION, MANUFACTURE, AND COPYRIGHT NOTICE
Place of production, publication, distribution, manufacture الثاهرة :
Name of producer, publisher, distributor, manufacturer ابن الجوزي،
Date of production, publication, distribution, manufacture, or copyright notice 2008.
300 ## - PHYSICAL DESCRIPTION
Extent 560ص.
490 0# - SERIES STATEMENT
Series statement موسوعة الحروب الصليبية:4
650 17 - SUBJECT ADDED ENTRY--TOPICAL TERM
Topical term or geographic name as entry element التاريخ الإسلامي
650 17 - SUBJECT ADDED ENTRY--TOPICAL TERM
Topical term or geographic name as entry element الأيوبيون 1252-1174
942 ## - ADDED ENTRY ELEMENTS (KOHA)
Source of classification or shelving scheme Dewey Decimal Classification
Koha item type كتب
المقتنيات
حالة السحب حالة الفقدان مصدر التصنيف حالة التلف غير قابل للإعارة المكتبة الرئيسية المكتبة الحالية موقع الرف تاريخ التزويد الرقم المتسلسل Total Checkouts رقم الإستدعاء الباركود تاريخ آخر ظهور تاريخ الفاتورة نوع المادة (كوها)
    Dewey Decimal Classification     مكتبة أبو علندا العامة مكتبة أبو علندا العامة الإعارة 18/07/2009 1306545   956.0664/صلا PLD00102388 28/07/2025 18/07/2009 كتب
    Dewey Decimal Classification     مكتبة الأميرة ايمان العامة مكتبة الأميرة ايمان العامة الإعارة 18/07/2009 1306546   956.0664/صلا PLD00102387 28/07/2025 18/07/2009 كتب
    Dewey Decimal Classification     مكتبة وادي السير العامة مكتبة وادي السير العامة الإعارة 18/07/2009 1306550   956.0664/صلا PLD00102383 28/07/2025 18/07/2009 كتب
    Dewey Decimal Classification     مكتبة ومركز فرح مكتبة ومركز فرح الإعارة 18/07/2009 1306553   956.0664/صلا PLD00102380 28/07/2025 18/07/2009 كتب
Implemented & Customized by: BBB with SCIT (Smart Chains for Information Technology)

Powered by Koha